| 000 | 00747nam a2200277Ia 4500 | ||
|---|---|---|---|
| 008 | 160803s9999 xx 000 0 und d | ||
| 020 | _a0 590819283 | ||
| 100 | _aDerolf, Shane | ||
| 245 | 4 | _aThe crayon box that talked / | |
| 245 | _cby Shane DeRolf ; illustrated by Michael Letzig. | ||
| 260 | _aNew York : | ||
| 260 | _bScholastic Inc. | ||
| 260 | _c1997 | ||
| 300 | _a24 unnumbered pages : | ||
| 300 | _bcolor illustrations ; | ||
| 300 | _c26 cm. | ||
| 500 | _aOriginally published: New York : Random House, c1997. | ||
| 650 | _aColor -- | ||
| 650 | _aCrayons -- | ||
| 650 | _aIndividuality -- | ||
| 650 | _aStories in rhyme. | ||
| 650 | _xFiction. | ||
| 650 | _xFiction. | ||
| 650 | _xFiction. | ||
| 700 | _a590 | ||
| 999 |
_c299905 _d299905 |
||